| 000 | 00573nam a2200181Ia 4500 | ||
|---|---|---|---|
| 005 | 20260429112243.0 | ||
| 008 | 260429s9999||||xx |||||||||||||| ||und|| | ||
| 020 | _a9789348033697 | ||
| 041 | _aHindi | ||
| 082 | _a792.090 ANK | ||
| 100 | _aअंकुर, अनीश | ||
| 245 | 0 |
_aरंगमंच के सामाजिक सरोकार / _cअनीश अंकुर |
|
| 250 | _a2nd ed. | ||
| 260 |
_aदिल्ली : _bप्रकाशन संस्थान, _c2025. |
||
| 300 | _aviii, 407 p.; Hb | ||
| 650 | _aकला | ||
| 942 | _cTB | ||
| 999 |
_c53140 _d53140 |
||